| 000 | 00653nam a22001937a 4500 | ||
|---|---|---|---|
| 999 |
_c7175 _d7175 |
||
| 001 | 8956 | ||
| 003 | BD-DhUAP | ||
| 005 | 20210117110934.0 | ||
| 008 | 210117s1965 bg ||||| |||| 00| 0 eng d | ||
| 040 |
_aBD-DhUAP _bEng _cBD-DhUAP _dBD-DhUAP |
||
| 082 |
_223 _a348.549204 DAC |
||
| 245 |
_aThe Dacca law reports : _bfortnightly law journal / _cedited by Obaidul Huq Chowdhury. |
||
| 260 |
_aDacca : _bDacca law reports, _c1965. |
||
| 300 |
_avolumes ; _c25 cm. |
||
| 505 | _aV. 17-Index of cases of the high court of East Pakistan, Dacca. | ||
| 650 |
_aLaw reports, digests, etc. _zEast Pakistan. |
||
| 700 | _aChowdhury, Obaidul Huq. | ||
| 942 |
_2ddc _cBK |
||